| 000 | 00420nam a2200157Ia 4500 | ||
|---|---|---|---|
| 008 | 221030s9999 xx 000 0 und d | ||
| 020 | _a8175441836 | ||
| 041 | _aEnglish | ||
| 082 |
_a105.23 _bKha |
||
| 100 | _aV. K. Khanna | ||
| 245 | 0 |
_aDigital Signal Processing, Telecommunications & Multimedia _cby V. K. Khanna |
|
| 260 |
_bWheeler Pub.. _aNew Delhi _c1999 |
||
| 300 | _a640 | ||
| 650 | _aBE Computer | ||
| 942 | _cBK | ||
| 999 |
_c6717 _d6717 |
||